Museo Histórico de Placilla. Catálogo de Colecciones
I tiakina i:
| Kaituhi matua: | |
|---|---|
| Ētahi atu kaituhi: | |
| Hōputu: | Pukapuka |
| Reo: | Ingarihi |
| I whakaputaina: |
Valparaíso, Chile:
Fabrun Gráfica,
2021
|
| Putanga: | Primera edición |
| Ngā marau: | |
| Ngā Tūtohu: |
Tāpirihia he Tūtohu
Kāore He Tūtohu, Me noho koe te mea tuatahi ki te tūtohu i tēnei pūkete!
|
MARC
| LEADER | 00000nam a22000007a 4500 | ||
|---|---|---|---|
| 003 | CL-VaPUC | ||
| 005 | 20220802082421.0 | ||
| 008 | 220512b2021 ||||| |||| 00| 0 eng d | ||
| 999 | |c 435601 |d 435599 | ||
| 040 | |c Pontificia Universidad Católica de Valparaíso | ||
| 082 | 7 | |a 069.5 FUE 2021 |2 22 | |
| 100 | 1 | |a Fuentes Pradenas, Pamela |e directora |9 869116 | |
| 245 | |a Museo Histórico de Placilla. |b Catálogo de Colecciones | ||
| 250 | |a Primera edición | ||
| 260 | |a Valparaíso, Chile: |b Fabrun Gráfica, |c 2021 | ||
| 300 | |a 65 páginas; ilustraciones | ||
| 500 | |a c1. Donación Biblioteca Curauma. Recibido en GC 19/4/22 | ||
| 583 | |c 20220512 |k Catalogador Asistente | ||
| 650 | |a Museos |x Colecciones |z Placilla |z Chile |9 870709 | ||
| 700 | |a Fuentes, Roberto |e edición y coordinación |9 869117 | ||
| 942 | |2 ddc |c BK | ||
| 952 | |0 0 |1 0 |2 ddc |4 0 |6 069_500000000000000_FUE_2021 |7 0 |8 A |9 583051 |a BIBCUR |b BIBCUR |c GEN |d 2022-05-12 |e Donación |i 5651206 |l 1 |o 069.5 FUE 2021 |p 5651206 |r 2025-04-22 |s 2024-11-13 |t 1 |w 2022-05-12 |y BK |k CAC | ||